header

Joyce and the G-men (Record no. 217783)

MARC details
000 -LEADER
fixed length control field 01957nam a2200433Ia 4500
082 04 - DEWEY DECIMAL CLASSIFICATION NUMBER
Classification number 810.9/112
100 1# - MAIN ENTRY--AUTHOR NAME
Personal name Culleton, Claire A.
245 10 - TITLE STATEMENT
Title Joyce and the G-men
250 ## - EDITION STATEMENT
Edition statement 1st ed.
260 ## - PUBLICATION, DISTRIBUTION, ETC. (IMPRINT)
Place of publication New York :
Name of publisher Palgrave Macmillan,
Year of publication 2004.
300 ## - PHYSICAL DESCRIPTION
Number of Pages 232 p., [16] p. of plates :
Other physical details ill.
650 #0 - SUBJECT ADDED ENTRY--TOPICAL TERM
Topical Term American literature
Topical Term Modernism (Literature)
Topical Term Politics and literature
Topical Term Literature and state
Topical Term Authors, American
Topical Term Censorship
Topical Term American literature
856 40 - ELECTRONIC LOCATION AND ACCESS
Uniform Resource Identifier http://site.ebrary.com/lib/rucke/Doc?id=10118453

No items available.

© 2026 Rongo University
Contact us: librarian | system librarian | Rongo university